000 01614nam a2200397 i 4500
001 25395
003 KOSZ 005
005 20200630132830.0
008 070608s1971 pl a f 001 0 pol
015 _aPB 1972/232
035 _a(OCoLC)749248981
040 _aWA N
_cWA N
_dKOSZ 005/KK
041 0 _apol
_hrus
080 _a65.01
100 1 _aGnedenko, Boris Vladimirovič
_d(1912- ).
245 1 0 _aWstęp do teorii obsługi masowej /
_cB. W. Gniedenko, I. N. Kowalenko ; [tłumaczenie Jerzy Nowakowski, Eugeniusz Fidelis, Klemens Wiśniewski].
246 1 _iTytuł oryginału:
_aVvedenie v teoriû massovogo obsluživaniâ
260 _aWarszawa :
_bPaństwowe Wydawnictwo Naukowe,
_c1971.
300 _a431, [1] stron :
_bilustracje, errata ;
_c23 cm.
336 _2rdacontent
_aTekst
_btxt
337 _2rdamedia
_aBez urządzenia pośredniczącego
_bn
338 _2rdacarrier
_aWolumin
_bnc
380 _aKsiążki.
490 1 _aBiblioteka Naukowa Inżyniera.
504 _aBibliografia na stronach 419-426. Indeks.
658 _aInżynieria i technika
650 4 _aTeoria masowej obsługi
700 1 _aKovalenko, Igor' Nikolaevič.
700 1 _aNowakowski, Jerzy
_d(1945- ).
_eTłumaczenie
700 1 _aFidelis, Eugeniusz
_d(1927-2014).
_eTłumaczenie
700 1 _aWiśniewski, Klemens.
_eTłumaczenie
710 _aPaństwowe Wydawnictwo Naukowe
_4pbl.
856 _uhttp://koha.tu.koszalin.pl/cgi-bin/koha/opac-detail.pl?biblionumber=25395
_yKatalog online BPK
830 0 _aBNI Biblioteka Naukowa Inżyniera
942 _2UKD
_cKS
999 _c25395
_d25395